| 000 | 00848nam a2200217Ia 4500 | ||
|---|---|---|---|
| 999 |
_c38407 _d38407 |
||
| 001 | 4418 | ||
| 003 | GE_BSU | ||
| 005 | 20190606185029.0 | ||
| 008 | 181216s1981||||ge |||||||||||||| ||geo|| | ||
| 040 | _cGE_BSU | ||
| 041 | _ageo | ||
| 080 | _a532.1(075.8) ქ-84 | ||
| 100 |
_aქუთათელაძე, ნ. _91248 |
||
| 245 |
_aჰიდრავლიკის საფუძვლები : სახელმძღვ. / _cნ.ქუთათელაძე ; რედ. კ.გრიგალაშვილი . |
||
| 264 |
_aთბილისი : _bგანათლება, _c1981. |
||
| 300 |
_a365 გვ. : _bილ. ; _c22 სმ. |
||
| 653 | _aჰიდრავლიკა. | ||
| 653 | _aფიზიკა | ||
| 700 |
_aგრიგალაშვილი, კ _eრედაქტორი _91249 |
||
| 942 |
_cBK _2udc |
||